| 000 | 00604nam a2200205 i 4500 | ||
|---|---|---|---|
| 001 | 95114 | ||
| 003 | ES-MaACL | ||
| 005 | 20230906181634.0 | ||
| 007 | t| | ||
| 008 | 050523s1952 sp ||||1| spa d | ||
| 100 | 1 |
_aLudwig, Emil. _974618 |
|
| 245 | 1 | 0 |
_aMediterráneo. Mar femenino / _cEmil Ludwig; [traducción autorizada de R. Ballester Escalas]. |
| 260 |
_aBarcelona : _bMateu, _c1952. |
||
| 300 |
_a223 p. ; _c21 cm. |
||
| 490 | 1 | _aLa hoja perenne | |
| 700 | 1 |
_aBallester Escalas, R. _925014 |
|
| 830 | 0 |
_aLa hoja perenne _9181731 |
|
| 852 |
_aES-MaACL _jD-9272 _bR.33472 |
||
| 999 |
_c95114 _d95114 |
||